1710 1877 1727 1202 1813 1393 1260 1519 1252 1077 1790 1267 1001 1234 1383 1239 1246 1564 1150 1518 1837 1841 1323 1314 1971 1167 1731 1712 1512 1389 1565 1988 1745 1784 1318 1858 1212 1251 1059 1111 1957 1791 1713 1419 1448 1120 1437 1824 1660 1076 1910 1133 1634 1658 1951 1722 1047 1593 1014 1986 1822 1476 1214 1440 1909 1854 1451 1940 1371 1778 1366 1228 1012 1173 1835 1490 1265 1914 1267 1355 1871 1994 1194 1406 1531 1888 1683 1310 1938 1722 1643 1427 1178 1389 1695 1621 1952 1887 1547 BCNSPRNW ULIB Ver.6.0+V

เปลี่ยนเป็นภาษาไทย

Change to English
 แสดงรายละเอียดบรรณานุกรม
  กลับหน้าหลัก

Brief Record : Get Marc (ISO 2709) : E-mail record : QR code < ปิดหน้าต่าง
LEADER : 00000nam 2200000uu 4500
001    13399121305
003     ULIB
008    121114s2546||||th 000 0 tha d
020    ^a9749023102
050  4 ^aPE1130^bS111ว
100 0  ^aThornbury, Scott
245 10 ^aวิธีสอนศัพท์ =^bHow to teach vocabulary /^cThornbury, Scott
246 31 ^aHow to teach vocabulary
250    ^aพิมพ์ครั้งที่ 1
260    ^aกรุงเทพฯ :^bPearson Education incochina,^c2546
300    ^a237 หน้า
650  7 ^aภาษาอังกฤษ^xการศึกษาและการสอน
650  7 ^aภาษาอังกฤษ^xคำศัพท์
945    ^p430^l0^i14158
995    ^aวิภา
999 ^a ทศพร
รายการนี้ยังไม่มีแท็ก
คุณยังไม่ได้ล็อกอิน คุณสามารถมีกิจกรรมร่วมกับเว็บไซต์ได้ แต่ต้องล็อกอินก่อน ::
  ล็อกอิน

รายการสื่อสารสนเทศ

ลำดับที่ ประเภท เลขเรียก/บาร์โค้ด สถานที่ สถานะ
1. วิทยาศาสตร์การแพทย์ และสุขภาพ
วิทยาศาสตร์การแพทย์ และสุขภาพ
PE1130 S111ว  
  Barcode: 14158
ห้องสมุดวิทยาเขตสวรรค์ประชารักษ์
►หนังสือทั่วไป
บนชั้น

รายการใกล้เคียง
    ผู้แต่ง [Thornbury, Scott]

    หัวเรื่อง [ภาษาอังกฤษ การศึกษาและการสอน]
    หัวเรื่อง [ภาษาอังกฤษ คำศัพท์]

BibComment


ยังไม่เคยถูกคอมเมนท์

คอมเมนท์ทรัพยากรรายการนี้
  คอมเมนท์: วิธีสอนศัพท์ Ho..


 Copyright 2026. Bcnsprnw @Library